Testigos de la ciudad de Dios

Saved in:
Bibliografiske detaljer
Hovedforfatter: Carpentier, René (Author)
Format: Bog
Sprog:spansk
Udgivet: Pamplona Desclée de Brouwer 1948
Serier:Spiritus, 24
Fag:
Tags: Tilføj Tag
Ingen Tags, Vær først til at tagge denne postø!

MARC

LEADER 00000nam a2200000 a 4500
001 UCR3160
003 CL-VaPUC
008 980123e19480000SP |||||||||||||||||spa|d
082 0 4 |a 230  |b CAR  |2 21 
100 0 |a Carpentier, René  |e author  |9 402005 
245 1 0 |a Testigos de la ciudad de Dios 
300 |a 228 p 
942 |c BK 
945 |d 19980123 00:00:00  |a rleighto 
260 |a Pamplona  |b Desclée de Brouwer  |c 1948 
650 0 |a Vida religiosa  |9 257284 
650 7 |a EVANGELIO  |2 CL-VaPUC  |9 368586 
650 0 |a Iglesia   |9 255004 
650 7 |a MISTERIOS RELIGIOSOS  |2 CL-VaPUC  |9 321684 
583 |a last modification  |c 19980123 00:00:00  |k Rodrigo Vera 
490 0 |a Spiritus, 24 
999 |c 266259  |d 266257 
952 |0 0  |1 0  |4 0  |6 230_000000000000000_CAR_1948  |7 0  |8 P  |9 297677  |a BIBTEO  |b BIBTES  |c TEO_FTES  |d 2019-11-20  |i 3386724  |o 230 CAR 1948  |p 3386724  |r 2024-01-18  |w 2019-11-20  |y BK  |k ICR